| 000 | 00970nam a2200301 i 4500 | ||
|---|---|---|---|
| 003 | DO-SdBNP | ||
| 005 | 20250506101904.0 | ||
| 007 | ta | ||
| 008 | 250506b1986 dr ||||| |||| 00| 0 spa d | ||
| 040 |
_aDO-SdBNP _bspa _cBNPHU _erda |
||
| 041 | _hspa | ||
| 082 | 4 |
_axxx _bxxx _222 |
|
| 111 | 1 |
_aSemana Internacional en Homenaje a Pedro Henríquez Ureña en el Cincuentenario de su Muerte 1946-1996 _d(1996 : 6-11 mayo _cSanto Domingo, Dominican Republic) _938098 |
|
| 245 | 0 | 0 | _aMáximo Gómez. Aspectos relevantes de su vida |
| 264 | 1 |
_aCuba : _bFederación de mujeres cubanas, _c1986. |
|
| 300 |
_a26, 30, 18, 15 páginas ; _c33 cm. |
||
| 336 |
_atexto _btxt _2rdacontent |
||
| 337 |
_asin mediación _bn _2rdamedia |
||
| 338 |
_avolumen _bnc _2rdacarrier |
||
| 500 | _a150 Aniversario de Máximo Gómez | ||
| 590 | _aInventariado, 2025/BT | ||
| 600 | _91718 | ||
| 651 | _918809 | ||
| 700 | 1 | _98252 | |
| 710 | _923965 | ||
| 910 | _aBtavárez | ||
| 942 |
_2ddc _cLBS1 |
||
| 999 |
_c58931 _d58931 |
||